| Поле | Название | Значение |
| |
Тип записи |
a |
| |
Библиографический уровень |
m |
| 001 |
Контрольный номер |
74f85889385b4e60a95aaaaf97baf580 |
| 005 |
Дата корректировки |
20241122161316.3 |
| 010 |
Индекс ISBN |
__ |
| a |
ISBN |
978-5-17-154167-5 |
| b |
Уточнения |
в пер. |
| 9 |
Тираж |
1500 экз. |
| d |
Цена |
339-72 |
| 100 |
Данные общей обработки |
__ |
| a |
Данные общей обработки |
20240703d2024 md y0rusy028902 ca |
| 101 |
Язык документа |
0_ |
| a |
Язык текста |
eng |
| 102 |
Страна публикации |
__ |
| a |
Страна публикации |
RU |
| 105 |
Кодированные данные (монография) |
__ |
| a |
Кодированные данные (монография) |
y z 000ay |
| 181 |
Поле кодированных данных: вид содержания |
_0 |
| a |
Код вида содержания (ISBD) |
i |
| 182 |
Поле кодированных данных: тип средства |
_0 |
| a |
Код типа средства (ISBD) |
n |
| 200 |
Заглавие и сведения об ответственности |
1_ |
| a |
Заглавие |
Приключения Алисы в Стране чудес |
| a |
Заглавие |
Алиса в Зазеркалье |
| f |
Первые сведения об ответственности |
Льюис Кэрролл |
| d |
Параллельное заглавие |
Alice's in Wonderland & Through the Looking-Glass |
| z |
Язык параллельного заглавия |
eng |
| 203 |
Вид содержания и тип средства |
__ |
| a |
Вид содержания |
Текст |
| c |
Тип средства |
непосредственный |
| 210 |
Выходные данные |
1_ |
| a |
Место издания |
Москва |
| c |
Издательство |
АСТ |
| c |
Издательство |
Lingua |
| d |
Дата издания |
2024 |
| 215 |
Физическое описание |
__ |
| a |
Объем |
316, [1] с. |
| d |
Формат |
19 см |
| 225 |
Серия |
2_ |
| a |
Серия |
Exclusive Classics Hardcover |
| 300 |
Общие примечания |
__ |
| a |
Общие примечания |
Текст на английском языке |
| 300 |
Общие примечания |
__ |
| a |
Общие примечания |
Книга издана в неадаптированной версии |
| 330 |
Аннотация |
__ |
| a |
Аннотация |
Льюис Кэрролл — английский писатель, создавший свой собственный жанр, названный «парадоксальная литература» и подаривший миру произведения, которые и по сей день остаются самыми любимыми среди читателей всех возрастов. «Алиса в стране чудес» и «Алиса в зазеркалье», рассказывает о девочке по имени Алиса, оказавшейся в удивительной стране, столь не похожей на привычный нам мир. Здесь еда и напитки могут заставить вас уменьшиться или увеличиться, коты улыбаются и исчезают прямо у вас на глазах, чаепитие длится вечно, а все обитатели слегка сумасшедшие. Страна, в которой с каждой минутой все становится «чудесатее и чудесатее». |
| 333 |
Примечание о целевом назначении |
__ |
| a |
Примечание о целевом назначении |
12+. Для детей старше 12 лет |
| 517 |
Другие варианты заглавия |
1_ |
| a |
Другие варианты заглавия |
Алиса в Стране чудес |
| 517 |
Другие варианты заглавия |
1_ |
| a |
Другие варианты заглавия |
Alice in Wonderland |
| 517 |
Другие варианты заглавия |
1_ |
| a |
Другие варианты заглавия |
Through the Looking-Glass, and What Alice Found There |
| 606 |
Тематические рубрики |
__ |
| 2 |
Код системы |
nlr_sh |
| a |
Основная рубрика |
Художественная литература |
| 606 |
Тематические рубрики |
__ |
| 2 |
Код системы |
nlr_sh |
| a |
Основная рубрика |
Литература Европы (произведения) |
| y |
Географическая подрубрика |
Великобритания |
| z |
Хронологическая подрубрика |
19 в. |
| 610 |
Ключевые слова |
0_ |
| a |
Ключевые слова |
зарубежная литература |
| 610 |
Ключевые слова |
0_ |
| a |
Ключевые слова |
английская литература |
| 610 |
Ключевые слова |
0_ |
| a |
Ключевые слова |
сказки |
| 610 |
Ключевые слова |
0_ |
| a |
Ключевые слова |
литературные сказки |
| 610 |
Ключевые слова |
0_ |
| a |
Ключевые слова |
авторские сказки |
| 610 |
Ключевые слова |
0_ |
| a |
Ключевые слова |
приключения |
| 610 |
Ключевые слова |
0_ |
| a |
Ключевые слова |
тема приключений |
| 610 |
Ключевые слова |
0_ |
| a |
Ключевые слова |
английский язык |
| 610 |
Ключевые слова |
0_ |
| a |
Ключевые слова |
чтение на английском |
| 610 |
Ключевые слова |
0_ |
| a |
Ключевые слова |
экранизации |
| 610 |
Ключевые слова |
0_ |
| a |
Ключевые слова |
экранизированные книги |
| 686 |
Индексы других классификаций |
__ |
| 2 |
Код системы |
rubbks |
| a |
Классификационный индекс |
84(4Вел)52-45; ст84(4Вел)-45 |
| 700 |
Автор |
_1 |
| a |
Фамилия |
Кэрролл |
| b |
Имя |
Л. |
| f |
Даты |
1832-1889 |
| g |
Полное личное имя |
Льюис |
| 4 |
Код отношения |
070 |
| 801 |
Источник записи |
_0 |
| a |
Страна |
RU |
| b |
Организация |
Муниципальное бюджетное учреждение культуры "Централизованная библиотечная система" г. Сургут (Центральная городская библиотека им. А. С. Пушкина) |
| c |
Дата составления |
20240703 |
| g |
Правила каталогизации |
PSBO |
| 801 |
Источник записи |
_1 |
| a |
Страна |
RU |
| b |
Организация |
Муниципальное бюджетное учреждение культуры "Централизованная библиотечная система" г. Сургут (Центральная городская библиотека им. А. С. Пушкина) |
| c |
Дата составления |
20240703 |
| g |
Правила каталогизации |
PSBO |
| 852 |
Данные о местонахождении |
__ |
| i |
Авторский знак |
К 98 |
| j |
Шифр хранения |
84(4Вел)52-45 |
| 900 |
Макрообъекты |
__ |
| a |
Макрообъекты |
Приключения Алисы в Стране чудес ; Алиса в Зазеркалье. Л. Кэрролл, 2024 |
| 901 |
Тип документа |
__ |
| a |
Ответственный |
КиК/Обаева |
| t |
Тип документа |
x |
| 903 |
Характеристики (МАРС) |
__ |
| a |
Дата передачи |
20240703 |
| c |
Наименование библиотеки (МАРС) |
Муниципальное бюджетное учреждение культуры "Централизованная библиотечная система" г. Сургут (Центральная городская библиотека им. А. С. Пушкина) |
| 990 |
Данные о заказе (DOS) |
__ |
| j |
Количество экземпляров (DOS) |
1 |
| t |
N записи в КСУ для И/У (DOS) |
202407 |